00685nam a2200169 a 450000100100000000500170001000800410002704000250006808200150009324500700010824601160017826000620029430000200035604900090037695201130038599900170049800003105220200930062656.0110613s2001 dr 000 0 spa d aDO-SdBNPbspacBNPHU axxxxbE96e03aLa experiencia de la sociedad civil en la República Dominicana.14aParticipación de la sociedad civil en la Cumbre de las Américas :bexperiencia de la República Dominicana aSanto Domingo :bTalleres Gráficos de Mediabyte,c2001. a37 p. ;c22 cm. aBNPD 0010718PDaPDbPDcCTd2011-06-13iLF1l0oxxxx E96ep31052-10r2020-06-25w2020-06-25yLFPDZNo se presta c30544d30544